Hooray for garbage collectors! / (Record no. 18183)

MARC details
000 -LEADER
fixed length control field 01405cam a22003738i 4500
001 - CONTROL NUMBER
control field 19484654
003 - CONTROL NUMBER IDENTIFIER
control field DLC
005 - DATE AND TIME OF LATEST TRANSACTION
control field 20170710172659.0
008 - FIXED-LENGTH DATA ELEMENTS--GENERAL INFORMATION
fixed length control field 170207s2018 mnu j b 001 0 eng
010 ## - LIBRARY OF CONGRESS CONTROL NUMBER
LC control number 2016044369
020 ## - INTERNATIONAL STANDARD BOOK NUMBER
International Standard Book Number 9781512433524 (hard lb : alk. paper)
020 ## - INTERNATIONAL STANDARD BOOK NUMBER
International Standard Book Number 9781512455526 (pb : alk. paper)
040 ## - CATALOGING SOURCE
Original cataloging agency DLC
Language of cataloging eng
Description conventions rda
Transcribing agency DLC
042 ## - AUTHENTICATION CODE
Authentication code pcc
050 00 - LIBRARY OF CONGRESS CALL NUMBER
Classification number TD794
Item number .K46 2018
082 00 - DEWEY DECIMAL CLASSIFICATION NUMBER
Classification number 628.4/42
Edition number 23
100 1# - MAIN ENTRY--PERSONAL NAME
Personal name Kenan, Tessa,
Relator term author.
245 10 - TITLE STATEMENT
Title Hooray for garbage collectors! /
Statement of responsibility, etc. by Tessa Kenan.
260 ## - PUBLICATION, DISTRIBUTION, ETC. (IMPRINT)
Place of publication, distribution, etc. Minneapolis :
Name of publisher, distributor, etc. Lerner Publications,
Date of publication, distribution, etc. [2018]
264 #1 - PRODUCTION, PUBLICATION, DISTRIBUTION, MANUFACTURE, AND COPYRIGHT NOTICE
Place of production, publication, distribution, manufacture Minneapolis :
Name of producer, publisher, distributor, manufacturer Lerner Publications,
Date of production, publication, distribution, manufacture, or copyright notice [2018]
300 ## - PHYSICAL DESCRIPTION
Extent 24 pages :.
Other physical details color illustrations ;
Dimensions 24 cm
336 ## - CONTENT TYPE
Content type term text
Content type code txt
Source rdacontent
337 ## - MEDIA TYPE
Media type term unmediated
Media type code n
Source rdamedia
338 ## - CARRIER TYPE
Carrier type term volume
Carrier type code nc
Source rdacarrier
490 0# - SERIES STATEMENT
Series statement Bumba books? Hooray for community helpers
504 ## - BIBLIOGRAPHY, ETC. NOTE
Bibliography, etc Includes bibliographical references and index.
505 0# - FORMATTED CONTENTS NOTE
Formatted contents note Keeping communities clean -- Garbage collector tools -- Picture glossary.
521 1# - TARGET AUDIENCE NOTE
Target audience note Age 4-7.
521 2# - TARGET AUDIENCE NOTE
Target audience note Grade Pre-school, excluding K.
650 #0 - SUBJECT ADDED ENTRY--TOPICAL TERM
Topical term or geographic name as entry element Refuse collection
Form subdivision Juvenile literature.
776 08 - ADDITIONAL PHYSICAL FORM ENTRY
Relationship information Online version:
Main entry heading Kenan, Tessa, author.
Title Hooray for garbage collectors!
Place, publisher, and date of publication Minneapolis : Lerner Publications, [2018]
International Standard Book Number 9781512450347
Record control number (DLC) 2017006447
942 ## - ADDED ENTRY ELEMENTS (KOHA)
Source of classification or shelving scheme Dewey Decimal Classification
Koha item type Libro/Book
Holdings
Withdrawn status Lost status Damaged status Not for loan Home library Current library Shelving location Date acquired Inventory number Total Checkouts Full call number Barcode Date last seen Price effective from Koha item type
        San Juan Del Sur -- Biblioteca San Juan Del Sur -- Biblioteca English 10/07/2017 Inventory date: 15-5-25   J 628.4 Ken 30024424 10/07/2017 10/07/2017 Libro/Book

Powered by Koha